<?xml version="1.0" encoding="UTF-8"?><?xml-stylesheet type="text/xsl" href="static/style.xsl"?><OAI-PMH xmlns="http://www.openarchives.org/OAI/2.0/" xmlns:xsi="http://www.w3.org/2001/XMLSchema-instance" xsi:schemaLocation="http://www.openarchives.org/OAI/2.0/ http://www.openarchives.org/OAI/2.0/OAI-PMH.xsd"><responseDate>2026-04-17T03:49:45Z</responseDate><request verb="GetRecord" identifier="oai:www.recercat.cat:2099.1/17133" metadataPrefix="marc">https://recercat.cat/oai/request</request><GetRecord><record><header><identifier>oai:recercat.cat:2099.1/17133</identifier><datestamp>2025-07-23T03:09:13Z</datestamp><setSpec>com_2072_1033</setSpec><setSpec>col_2072_452951</setSpec></header><metadata><record xmlns="http://www.loc.gov/MARC21/slim" xmlns:dcterms="http://purl.org/dc/terms/" xmlns:xsi="http://www.w3.org/2001/XMLSchema-instance" xmlns:doc="http://www.lyncode.com/xoai" xsi:schemaLocation="http://www.loc.gov/MARC21/slim http://www.loc.gov/standards/marcxml/schema/MARC21slim.xsd">
   <leader>00925njm 22002777a 4500</leader>
   <datafield ind2=" " ind1=" " tag="042">
      <subfield code="a">dc</subfield>
   </datafield>
   <datafield ind2=" " ind1=" " tag="720">
      <subfield code="a">Saborit Esteve, Nel.la</subfield>
      <subfield code="e">author</subfield>
   </datafield>
   <datafield ind2=" " ind1=" " tag="260">
      <subfield code="c">2012-06</subfield>
   </datafield>
   <datafield ind2=" " ind1=" " tag="520">
      <subfield code="a">Aquest projecte és basa en l'anàlisi de la qualitat del transport públic en superfície de les zones residencials del districte barceloní de Sants-Montjuïc. El projecte és divideix bàsicament en tres parts, en la primera es fa un recull d'informació sobre les característiques socio-econòmiques dels&#xd;
residents del districte i dels punts de demanda de mobilitat, tenint en compte les necessitats quotidianes dels residents. En una segona part, s'analitza quines són les xarxes de transport públic existent. Finalment, s'avalua la qualitat del transport públic existent, i es defineixen una sèrie de propostes per a la millora del transport públic al districte de Sants-Montjuïc.</subfield>
   </datafield>
   <datafield tag="653" ind2=" " ind1=" ">
      <subfield code="a">Àrees temàtiques de la UPC::Enginyeria civil</subfield>
   </datafield>
   <datafield tag="653" ind2=" " ind1=" ">
      <subfield code="a">Àrees temàtiques de la UPC::Enginyeria civil::Infraestructures i modelització dels transports</subfield>
   </datafield>
   <datafield tag="653" ind2=" " ind1=" ">
      <subfield code="a">Mobility -- Public transport -- Sants-Montjuïc</subfield>
   </datafield>
   <datafield tag="653" ind2=" " ind1=" ">
      <subfield code="a">Mobilitat -- Transport públic -- Sans-Montjuïc</subfield>
   </datafield>
   <datafield ind2="0" ind1="0" tag="245">
      <subfield code="a">Avaluació i propostes de millora de la mobilitat del transport públic en superfície de les zones residencials transport públic en superfície de les zones residencials del districte de Sants-Montjuïc</subfield>
   </datafield>
</record></metadata></record></GetRecord></OAI-PMH>